Rekordy Polski w speedcubingu - Statystyki

Ogólne statystyki
  • Ten quiz został rozwiązany 27 razy
    15 od ostatniego zresetowania
  • Średni wynik to 5 z 10
Statystyki odpowiedzi
Miejsce Czas Odpowiedź % Poprawnych
1. 3.66 Tymon Kolasiński
100%
2. 4.05 Radosław Marcinek
71%
5. 4.65 Olaf Kuźmiński
57%
6. 4.66 Kajetan Opach
50%
3. 4.24 Magdalena Pabisz
50%
8. 5.05 Łukasz Burliga
43%
4. 4.59 Jakub Kipa
29%
7. 4.92 Szymon Musiał
29%
10. 5.16 Bartłomiej Owczarek
14%
8. 5.07 Nikodem Buda
7%
Nie znaleziono quizów pasujących do podanych kryteriów
Rozkład punktacji
Procent ludzi z każdym wynikiem
Percentyl według liczby udzielonych odpowiedzi
Twoja historia wyników
Nie rozwiązałeś tego quizu od ostatniego zresetowania